MODERN INDIAN POLITICAL THOUGHT (Record no. 6049)
[ view plain ]
| 000 -LEADER | |
|---|---|
| fixed length control field | 00460cam a2200181ua 4500 |
| 008 - FIXED-LENGTH DATA ELEMENTS--GENERAL INFORMATION | |
| fixed length control field | 160512n1978 II |||gr||||Z||||||eng |
| 040 ## - CATALOGING SOURCE | |
| Original cataloging agency | MAIN |
| 041 ## - LANGUAGE CODE | |
| -- | English |
| 082 ## - DEWEY DECIMAL CLASSIFICATION NUMBER | |
| Classification number | 320.15342 VAR |
| 100 ## - MAIN ENTRY--PERSONAL NAME | |
| Personal name | VARMA , V.P ., |
| Relator term | AUT. |
| 245 ## - TITLE STATEMENT | |
| Title | MODERN INDIAN POLITICAL THOUGHT |
| 250 ## - EDITION STATEMENT | |
| Edition statement | 6TH REV. |
| 260 ## - PUBLICATION, DISTRIBUTION, ETC. | |
| Place of publication, distribution, etc. | AGRA |
| Name of publisher, distributor, etc. | LAXMI NARAYAN AGARWAL EDUCATIONAL PUBLISHER |
| Date of publication, distribution, etc. | 1978 |
| 300 ## - PHYSICAL DESCRIPTION | |
| Extent | 866: |
| Dimensions | 20CM. |
| 942 ## - ADDED ENTRY ELEMENTS (KOHA) | |
| Koha item type | Books |
| 653 ## - INDEX TERM--UNCONTROLLED | |
| Uncontrolled term | POLITICAL THOUGHT |
| Withdrawn status | Lost status | Damaged status | Not for loan | Collection code | Home library | Current library | Shelving location | Date acquired | Total Checkouts | Full call number | Barcode | Date last seen | Date last checked out | Copy number | Price effective from | Koha item type | Public note |
|---|---|---|---|---|---|---|---|---|---|---|---|---|---|---|---|---|---|
| TBPSC | Central Library and Information Centre Sibsagar Girls College | Central Library and Information Centre Sibsagar Girls College | POLITICAL SC BOOK RACK | 02.05.1979 | 2 | 320.15342 VAR | 05458 | 18.02.2025 | 22.01.2025 | 1 | 27.02.2020 | Books | V |